000 01063pam a2200301 a 4500
001 2698
005 20250211080454.0
020 _a078073003990
040 _aDLC
_cDLC
_dDLC
_beng
050 0 0 _aPZ7.D2193
082 0 0 _a823.914
100 1 _aBaglio, Ben.M
245 1 0 _aKittens in the kitchen /
_cM. Baglio, Ben ; illustrations by Shelagh McNicholas.
250 _aFirst Scholastic printing, May 1998
260 _aNew York ;
_bScholastic ,
_c1998
300 _a147 pages :
_billustrations ;
_c20 cm.
490 1 _aAnimal Ark series
_vBook 1
500 _a"First published in Great Britain in 1994"--verso t.p.
505 _aN
520 _aWhen the stray cat she has adopted has kittens in her school caretaker's cottage, he gives Mandy just a week to find homes for the four babies.
521 _a560
_bLexile
521 _aN
_bRaz-Plus
650 1 _aCats
_xFiction.
650 1 _aVeterinarians
_xFiction.
700 1 _aMcNicholas, Shelagh
_eillustrator
906 _a7
_bcbc
_corignew
_d1
_eocip
_f19
_gy-gencatlg
942 _2ddc
_cBK
_n0
999 _c2698
_d2698